Los reporteros / (Record no. 36260)

MARC details
000 -LEADER
campo de control de longitud fija 00708nam a2200217 i 4500
001 - NÚMERO DE CONTROL
campo de control 36260
003 - IDENTIFICADOR DE NÚMERO DE CONTROL
campo de control ES-MaACL
005 - FECHA Y HORA DE LA ÚLTIMA TRANSACCIÓN
campo de control 20230906155332.0
007 - CAMPO FIJO DE DESCRIPCIÓN FÍSICA--INFORMACIÓN GENERAL
campo de control de longitud fija t|
008 - DATOS DE LONGITUD FIJA--INFORMACIÓN GENERAL
campo de control de longitud fija 030217s1972 sp ||||1| spa d
100 1# - ENTRADA PRINCIPAL--NOMBRE DE PERSONA
Nombre de persona Brincourt, Christian.
9 (RLIN) 31748
245 14 - MENCIÓN DEL TÍTULO
Título Los reporteros /
Mención de responsabilidad, etc. Christian Bincourt, Michel Leblanc ; prólogo de Joseph Kessel ; [traducción: Edmon Vallés y Mauricio Wiensenthal].
250 ## - MENCION DE EDICION
Mención de edición [1ª ed.].
260 ## - PUBLICACIÓN, DISTRIBUCIÓN, ETC.
Lugar de publicación, distribución, etc. [Barcelona] :
Nombre del editor, distribuidor, etc. Noguer,
Fecha de publicación, distribución, etc. [1972]
300 ## - DESCRIPCIÓN FÍSICA
Extensión 327 p. ;
Dimensiones 22 cm.
700 1# - ENTRADA AGREGADA--NOMBRE PERSONAL
Nombre de persona Kessel, Joseph.
9 (RLIN) 67949
700 1# - ENTRADA AGREGADA--NOMBRE PERSONAL
Nombre de persona Vallès, Edmon.
9 (RLIN) 112874
700 1# - ENTRADA AGREGADA--NOMBRE PERSONAL
Nombre de persona Wiesenthal, Mauricio.
9 (RLIN) 116779
700 1# - ENTRADA AGREGADA--NOMBRE PERSONAL
Nombre de persona Leblanc, Michel.
9 (RLIN) 71023
852 ## - LOCALIZACIÓN
Ubicación ES-MaACL
Número de control de estantería C-42238
Sublocalización o colección R.81121
Holdings
Estatus retirado Estado de pérdida Estado de daño No para préstamo Biblioteca de origen Biblioteca actual Ubicación en estantería Fecha de adquisición Fuente de adquisición Total de préstamos Signatura topográfica completa Código de barras Visto por última vez Precio de reemplazo Tipo de ítem Koha
        Biblioteca del Ateneo de Madrid Biblioteca del Ateneo de Madrid Depósito 2 17/01/2008     C-42238 1038063 23/02/2023 23/02/2023 Libro impreso